Guía para la presentación de proyectos
Furkejuvvon:
| Searvvušdahkki: | |
|---|---|
| Materiálatiipa: | Girji |
| Giella: | espánnjágiella |
| Almmustuhtton: |
Ciudad de México
Siglo Veintiuno
1979
|
| Preanttus: | 7a. ed |
| Ráidu: | Economía y Demografía
|
| Fáttát: | |
| Fáddágilkorat: |
Lasit fáddágilkoriid
Eai fáddágilkorat, Lasit vuosttaš fáddágilkora!
|
MARC
| LEADER | 00000nam a2200000 a 4500 | ||
|---|---|---|---|
| 001 | UCU7544 | ||
| 003 | CL-VaPUC | ||
| 008 | 960705e19790000MX |||||||||||||||||spa|d | ||
| 082 | 0 | 4 | |a 658.404 |b ILP |2 21 |
| 110 | 2 | |a ILPES |e author |9 366434 | |
| 245 | 1 | 0 | |a Guía para la presentación de proyectos |
| 250 | |a 7a. ed | ||
| 300 | |a 230 p | ||
| 942 | |c BK | ||
| 945 | |d 19960705 00:00:00 |a cmena | ||
| 260 | |a Ciudad de México |b Siglo Veintiuno |c 1979 | ||
| 650 | 0 | |a Evaluación de proyectos |9 259341 | |
| 650 | 0 | |a Proyectos de desarrollo |9 261582 | |
| 650 | 0 | |a Gestión de proyectos |9 260970 | |
| 650 | 0 | |a Estudios de proyectos |9 360457 | |
| 650 | 7 | |a PLANIFICACION DE PROYECTOS |2 CL-VaPUC |9 364615 | |
| 583 | |a last modification |c 20190713 21:44:21 |k Rodrigo Vera | ||
| 490 | 0 | |a Economía y Demografía | |
| 999 | |c 250152 |d 250150 | ||
| 952 | |0 0 |1 0 |4 0 |6 658_404000000000000_ILP_1979 |7 0 |8 P |9 267978 |a BIBEDU |b BIBEDU |c BIBEDU_PB |d 2019-11-19 |i 2700611 |o 658.404 ILP 1979 |p 2700611 |r 2024-01-25 |w 2019-11-19 |y BK |k EDU | ||
| 952 | |0 0 |1 0 |4 0 |6 658_404000000000000_ILP_1979 |7 0 |8 A |9 267979 |a BIBMEC |b BIBMEC |d 2019-11-19 |i 270062K |o 658.404 ILP 1979 |p 270062K |r 2024-01-19 |w 2019-11-19 |y BK |k MEC | ||
| 952 | |0 0 |1 0 |2 ddc |4 0 |6 658_404000000000000_ILP_1979 |7 0 |8 CCM |9 267980 |a BIBCUR |b BIBCUR |d 2019-11-19 |i 3045900 |o 658.404 ILP 1979 |p 3045900 |r 2025-04-22 |w 2019-11-19 |y BK |k CIM | ||
| 952 | |0 0 |1 0 |2 ddc |4 0 |6 658_404000000000000_ILP_1979 |7 0 |8 CCM |9 267981 |a BIBCUR |b BIBCUR |d 2019-11-19 |i 3045919 |o 658.404 ILP 1979 |p 3045919 |r 2025-04-22 |w 2019-11-19 |y BK |k CIM | ||
| 952 | |0 0 |1 0 |4 0 |6 658_404000000000000_ILP_1979 |7 0 |8 P |9 267982 |a BIBEDU |b BIBEDU |c BIBEDU_PB |d 2019-11-19 |i 1601415 |o 658.404 ILP 1979 |p 1601415 |r 2024-01-25 |w 2019-11-19 |y BK |k EDU | ||
| 952 | |0 0 |1 0 |4 0 |6 658_404000000000000_ILP_1979 |7 0 |8 A |9 267984 |a BIBENE |b BIBENE |d 2019-11-19 |i 1992538 |o 658.404 ILP 1979 |p 1992538 |r 2025-01-15 |w 2019-11-19 |y BK |k ICO | ||
| 952 | |0 0 |1 0 |4 0 |6 658_404000000000000_ILP_1979 |7 0 |8 A |9 267985 |a BIBENE |b BIBENE |d 2019-11-19 |i 1992651 |o 658.404 ILP 1979 |p 1992651 |r 2025-01-15 |w 2019-11-19 |y BK |k ICO | ||
| 952 | |0 0 |1 0 |4 0 |6 658_404000000000000_ILP_1979 |7 0 |8 A |9 267986 |a BIBENE |b BIBENE |d 2019-11-19 |i 1992600 |o 658.404 ILP 1979 |p 1992600 |r 2025-01-15 |w 2019-11-19 |y BK |k ICO | ||